Sagarana

Պահպանված է:
Մատենագիտական մանրամասներ
Հիմնական հեղինակ: Rosa, Joao Gimaraes (Հեղինակ)
Ձևաչափ: Գիրք
Լեզու:պորտուգալերեն
Հրապարակվել է: Río de Janeiro José Olympio 1968
Խորագրեր:
Ցուցիչներ: Ավելացրեք ցուցիչ
Չկան պիտակներ, Եղեք առաջինը, ով նշում է այս գրառումը!

MARC

LEADER 00000nam a2200000 a 4500
001 UCX3013
003 CL-VaPUC
008 910912e19680000BL |||||||||||||||||por|d
082 0 4 |a B869.03  |b ROS  |2 21 
100 0 |a Rosa, Joao Gimaraes  |e author  |9 319147 
245 1 0 |a Sagarana 
300 |a 365 p 
942 |c BK 
945 |d 19910912 00:00:00 
260 |a Río de Janeiro  |b José Olympio  |c 1968 
650 0 |a Cuentos brasileños  |9 268434 
583 |a last modification  |c 19910912 00:00:00  |k Rodrigo Vera 
999 |c 223903  |d 223901 
952 |0 0  |1 0  |4 0  |6 B_869_030000000000000_ROS_1968  |7 0  |8 A  |9 220147  |a BIBEDU  |b BIBEDU  |d 2019-11-15  |i 2888157  |o B869.03 ROS 1968  |p 2888157  |r 2019-11-15  |w 2019-11-15  |y BK  |k LIT